000 01268nam a2200325 a 4500
001 vtls000216103
003 NLI
005 20210602121441.0
008 101126s1965 ii 000 0 eng
039 9 _y201011260113
_zVLOAD
040 0 _aNLI
_beng
_cDatasoft 1
_eAACR2
041 0 _aeng
044 _aii
082 0 4 _a539.72
100 1 _aSteffen, R. M.
_q(Rolf M.),
_d1922-
_9403927
245 1 0 _aLectures on angular correlation of nuclear radiations /
_cby R. M. Steffen
260 _aBombay :
_bTata Institute of Fundamental Research,
_c1965
300 _a117, viii, iii p. ;
_c29 cm.
440 0 _aTata Institute of Fundamental Research.
_pLectures on mathematics and physics. Physics ;
_v24
500 _aOn spine: On angular correlation of nuclear radiations
500 _a"Delivered at the Tata Institute of Fundamental Research, Bombay."
650 0 _aAngular correlations (Nuclear physics)
_9403928
710 2 _aTata Institute of Fundamental Research
_9135037
887 _a
901 _aDB47742
_b13.09.1985
902 _aE/O 539.72 St 32
949 _AVIRTUAITEM
_D10000
_X100
_6DBA000047742ENG
942 _2ddc
_cBKS
999 _aVIRTUA40
_c222000
_d222000
999 _aVTLSSORT0080*0400*0410*0440*0820*1000*2450*2600*3000*4400*5000*5001*6500*7100*9010*9020*9490*9991